000
00344nam a2200133 a 4500
005
20140414131851.0
008
100802s19uu xx 00 eng d
050
_a
M 612.3
_b
D57 2006
245
_a
The digestive system.
260
_a
New Delhi :
_b
Sterling,
_c
2006.
440
_a
Invisible world
650
_a
Digestive system
999
_c
110201
_d
110201